000
00212nam a22000977a 4500
999
_c
15857
_d
15857
003
OSt
008
191022b ||||| |||| 00| 0 eng d
100
_a
vallathole.
_9
4352
245
_a
Indiayude Karachil
942
_c
BK